Příčiny vojenského převratu: syntetizovaný kauzální model

Vymedzenie pojmov štátny prevrat a vojenský prevrat. Základné rozdelenie determinantov vojenského prevratu. Migračný model Everetta Leeho postavenia na rozlišovanie „push“ a „pull“ faktorov. Prehľad prevažujúcich teoretických prístupov k výskumu vojenského (štátneho) prevratu a ich charakteristika.

Gespeichert in:
Bibliographische Detailangaben
1. Verfasser: Martinák, Lukáš
Format: Buchkapitel
Sprache:Tschechisch
Schlagworte:
Tags: Tag hinzufügen
Keine Tags, Fügen Sie das erste Tag hinzu!

MARC

LEADER 00000nla a2200000 4500
001 0225234
005 20240108073608.4
041 0 |a cze 
044 |a CZ 
245 1 0 |a Příčiny vojenského převratu: syntetizovaný kauzální model  |c Lukáš Martinák 
520 |a Vymedzenie pojmov štátny prevrat a vojenský prevrat. Základné rozdelenie determinantov vojenského prevratu. Migračný model Everetta Leeho postavenia na rozlišovanie „push“ a „pull“ faktorov. Prehľad prevažujúcich teoretických prístupov k výskumu vojenského (štátneho) prevratu a ich charakteristika. 
610 2 0 |a politika 
610 2 0 |a konflikty 
610 2 0 |a terminológia 
610 2 0 |a migrácia 
610 2 0 |a demokracia 
100 1 |a Martinák, Lukáš